000 00542nam a2200169Ia 4500
008 090201s9999 xx 000 0 und d
010 _aKPL-14553
040 _bमराठी
041 _aमराठी
082 _a31466
_b14553
100 _aसरोजिनी शारंगपाणी
245 _aलाल दिवा
_cसरोजिनी शारंगपाणी
260 _c2004
_bसिटी बुक स्टॉल
300 _a226
_bमोठा
600 _aलाल दिवा
942 _cBOOK
999 _c229918
_d229918